[Event "Sydney op-B"]
[Site "Parramatta"]
[Date "2013.04.05"]
[Round "6"]
[White "Wilkie, Mary"]
[Black "Edwards, Greig"]
[Result "1-0"]
[WhiteElo "1300"]
[BlackElo "1406"]
[PlyCount "157"]
[EventDate "2013.04.03"]
[EventType "swiss"]
[EventRounds "9"]
[EventCountry "AUS"]
[SourceTitle "EXT 2023"]
[Source "ChessBase"]
[SourceDate "2022.10.05"]
[SourceVersion "1"]
[SourceVersionDate "2022.10.05"]
[SourceQuality "1"]

1. e4 e5 2. Nf3 Nc6 3. Bb5 a6 4. Ba4 Nf6 5. 0-0 b5 6. Bb3 Be7 7. c3 d6 8. h3 Nxe4 9. Bd5 Bb7 10. Bxe4 0-0 11. Qc2 h6 12. d4 d5 13. Bf5 e4 14. Ne5 Nxe5 15. dxe5 Bc5 16. Be3 Bxe3 17. fxe3 Re8 18. Nd2 h5 19. e6 fxe6 20. Bg6 Rf8 21. Rxf8+ Qxf8 22. Rf1 Qe7 23. Qd1 Qg5 24. Bf7+ Kh7 25. Qxh5+ Qxh5 26. Bxh5 Kh6 27. Bg4 e5 28. Nb3 a5 29. Nc5 Bc6 30. a3 b4 31. Ne6 bxc3 32. bxc3 Rb8 33. Rf7 g6 34. Rxc7 Ba4 35. Rc5 Rb1+ 36. Kh2 Bb3 37. Rxa5 Rc1 38. Rc5 Bc4 39. Rc8 Kh7 40. Rc7+ Kh6 41. Rc8 Kh7 42. Ng5+ Kg7 43. Nxe4 Bf1 44. Nd6 Rc2 45. Rc7+ Kh6 46. Bf3 d4 47. exd4 exd4 48. Nb5 Bxb5 49. Be4 Rc1 50. Rb7 d3 51. Rxb5 d2 52. Bf3 Rxc3 53. Rd5 Rc2 54. Bd1 Ra2 55. Rd3 Kg5 56. Kg3 Kf5 57. h4 Ke4 58. Rf3 Ra1 59. Rf1 Rxa3+ 60. Kg4 Kd4 61. g3 Ra1 62. Kg5 Ra6 63. Rf2 Ke3 64. Rf1 Rc6 65. g4 Rc8 66. Rf3+ Ke4 67. Rf2 Ke3 68. Rf1 Rc6 69. Kh6 Ke4 70. g5 Rd6 71. Rf6 Rd3 72. Kxg6 Rg3 73. Rf1 Re3 74. Bc2+ Kd4 75. Rd1 Kc3 76. Ba4 Re2 77. h5 Kb4 78. h6 Re6+ 79. Kf5 1-0

[Event "AUS-ch Minor"]
[Site "Cammeray"]
[Date "2013.01.12"]
[Round "10"]
[White "Edwards, Greig"]
[Black "Gu, Theresa"]
[Result "0-1"]
[WhiteElo "1429"]
[BlackElo "1241"]
[PlyCount "74"]
[EventDate "2013.01.02"]
[EventType "swiss"]
[EventRounds "11"]
[EventCountry "AUS"]
[SourceTitle "EXT 2022"]
[Source "ChessBase"]
[SourceDate "2021.10.06"]
[SourceVersion "1"]
[SourceVersionDate "2021.10.06"]
[SourceQuality "1"]

1. d4 d5 2. c4 c6 3. Nf3 Nf6 4. Nc3 Bf5 5. e3 e6 6. Be2 Nbd7 7. 0-0 Bd6 8. cxd5 exd5 9. Bd2 0-0 10. a3 Ne4 11. b4 Re8 12. Ra2 h6 13. Qb3 Qf6 14. Rc1 Qg6 15. Nh4 Qg5 16. Nxf5 Qxf5 17. Nxe4 Qxe4 18. Bf3 Qh4 19. g3 Qf6 20. Bg2 h5 21. b5 Rec8 22. Rac2 Nb6 23. bxc6 bxc6 24. Rxc6 Rxc6 25. Rxc6 Qe6 26. Bb4 Rd8 27. a4 Nc4 28. Ra6 Rb8 29. Bxd5 Qxd5 30. Rxd6 Qxd6 31. Bxd6 Rxb3 32. Bc5 a5 33. Kg2 f5 34. Kf3 Kf7 35. Kf4 Kf6 36. h3 Rb2 37. f3 g5# 0-1

[Event "AUS-ch Minor"]
[Site "Cammeray"]
[Date "2013.01.04"]
[Round "3"]
[White "Fernandez, Nick"]
[Black "Edwards, Greig"]
[Result "0-1"]
[WhiteElo "1276"]
[BlackElo "1429"]
[PlyCount "110"]
[EventDate "2013.01.02"]
[EventType "swiss"]
[EventRounds "11"]
[EventCountry "AUS"]
[SourceTitle "EXT 2022"]
[Source "ChessBase"]
[SourceDate "2021.10.06"]
[SourceVersion "1"]
[SourceVersionDate "2021.10.06"]
[SourceQuality "1"]

1. d4 Nf6 2. c4 g6 3. g3 d5 4. Nf3 Bg7 5. cxd5 Nxd5 6. e4 Nb6 7. d5 e5 8. Bg2 0-0 9. Nc3 Na6 10. Bg5 f6 11. Be3 f5 12. Bg5 Bf6 13. Bxf6 Qxf6 14. exf5 Bxf5 15. Nh4 Rad8 16. Nxf5 Qxf5 17. 0-0 Qf7 18. a3 c6 19. d6 Nc4 20. Nb5 Nxd6 21. Nxd6 Qe6 22. Qc2 Rxd6 23. b4 Nc7 24. Qc5 Nb5 25. Rad1 Rfd8 26. Rxd6 Rxd6 27. a4 b6 28. Qe3 Nd4 29. f4 exf4 30. Qxe6+ Rxe6 31. gxf4 Rf6 32. b5 c5 33. Re1 Rf7 34. Bd5 Kg7 35. Bxf7 Nf3+ 36. Kf2 Nxe1 37. Bc4 Nc2 38. Bd3 Nd4 39. Ke3 Kf6 40. Ke4 Ke6 41. h4 Nf5 42. Bc4+ Kf6 43. Kd5 Ne3+ 44. Kc6 Nxc4 45. Kb7 Nd6+ 46. Kxa7 Nc8+ 47. Kb7 c4 48. Kxc8 c3 49. a5 bxa5 50. b6 c2 51. b7 c1Q+ 52. Kb8 Qxf4+ 53. Ka8 a4 54. h5 a3 55. hxg6 hxg6 0-1

[Event "AUS-ch Minor"]
[Site "Cammeray"]
[Date "2010.01.04"]
[Round "3"]
[White "Edwards, Greig"]
[Black "Stahnke, Axel"]
[Result "0-1"]
[WhiteElo "1190"]
[BlackElo "1400"]
[PlyCount "54"]
[EventDate "2010.01.02"]
[EventType "swiss"]
[EventRounds "11"]
[EventCountry "AUS"]
[SourceTitle "EXT 2011"]
[Source "ChessBase"]
[SourceDate "2010.11.26"]
[SourceVersion "1"]
[SourceVersionDate "2010.11.26"]
[SourceQuality "1"]

1. d4 Nf6 2. c4 g6 3. Nc3 Bg7 4. e4 d6 5. Bd3 0-0 6. Nge2 Nbd7 7. 0-0 c6 8. b4 Ne8 9. Rb1 Nc7 10. Bb2 Ne6 11. Bc2 a5 12. a3 axb4 13. axb4 Qb6 14. Na4 Qxb4 15. Bc3 Qxc4 16. Nb6 Nxb6 17. Rxb6 Qa2 18. Qd3 Qa7 19. Rb3 b5 20. f4 c5 21. Qe3 cxd4 22. Qg3 dxc3+ 23. Kh1 Nd4 24. Nxd4 Qxd4 25. Rxc3 Qxc3 26. Qxc3 Bxc3 27. f5 Ra1 0-1

[Event "AUS-ch Minor"]
[Site "Cammeray"]
[Date "2010.01.03"]
[Round "2"]
[White "Gamage, Thumula"]
[Black "Edwards, Greig"]
[Result "0-1"]
[WhiteElo "1003"]
[BlackElo "1190"]
[PlyCount "77"]
[EventDate "2010.01.02"]
[EventType "swiss"]
[EventRounds "11"]
[EventCountry "AUS"]
[SourceTitle "EXT 2011"]
[Source "ChessBase"]
[SourceDate "2010.11.26"]
[SourceVersion "1"]
[SourceVersionDate "2010.11.26"]
[SourceQuality "1"]

1. e4 e5 2. Nf3 Nc6 3. Bb5 a6 4. Ba4 Nf6 5. 0-0 Nxe4 6. Re1 b5 7. Rxe4 bxa4 8. Qe1 d6 9. Rxa4 Be7 10. Nc3 Be6 11. d4 Nxd4 12. Nxd4 exd4 13. Rxd4 0-0 14. f3 d5 15. Kh1 Bf6 16. Rd3 c6 17. Rd1 Re8 18. Qg3 Bh4 19. Qe5 h6 20. b3 Bf6 21. Qe1 Bh4 22. Qe5 Bf6 23. Qe1 Bf5 24. Qd2 Qa5 25. Bb2 Re6 26. Na4 Qxd2 27. Rxd2 Rae8 28. h3 Bg5 29. Rf2 Bf4 30. Kg1 Re1+ 31. Rf1 R1e2 32. c4 Be3+ 33. Kh2 d4 34. Kh1 Bc2 35. Rfe1 Bf2 36. Rxe2 Rxe2 37. Ba3 d3 38. Nc3 Re1+ 39. Kh2 0-1

[Event "AUS-ch Minor"]
[Site "Cammeray"]
[Date "2010.01.02"]
[Round "1"]
[White "Edwards, Greig"]
[Black "Stokes, Mark"]
[Result "0-1"]
[WhiteElo "1190"]
[BlackElo "1538"]
[PlyCount "88"]
[EventDate "2010.01.02"]
[EventType "swiss"]
[EventRounds "11"]
[EventCountry "AUS"]
[SourceTitle "EXT 2011"]
[Source "ChessBase"]
[SourceDate "2010.11.26"]
[SourceVersion "1"]
[SourceVersionDate "2010.11.26"]
[SourceQuality "1"]

1. d4 Nf6 2. c4 e5 3. dxe5 Ng4 4. e4 Nxe5 5. Bf4 Qf6 6. Bxe5 Qxe5 7. Nc3 Bb4 8. Qc2 Bxc3+ 9. Qxc3 Qxe4+ 10. Ne2 0-0 11. 0-0-0 d6 12. f3 Qe7 13. g4 Re8 14. Nf4 Na6 15. Nh5 Qe3+ 16. Qxe3 Rxe3 17. Bg2 Bd7 18. g5 Rae8 19. f4 Bg4 20. Ng3 Bxd1 21. Rxd1 Nc5 22. Kc2 b6 23. Bc6 Rf8 24. b4 Ne6 25. f5 Nxg5 26. Kd2 Ra3 27. h4 Rxg3 28. hxg5 Rxg5 29. Rf1 g6 30. fxg6 fxg6 31. Re1 Re5 32. Rg1 Rf2+ 33. Kd3 Rxa2 34. Rf1 Ra3+ 35. Kd4 Kg7 36. b5 Ree3 37. Rd1 Rg3 38. Re1 Rad3+ 39. Ke4 Rd2 40. Bd5 Rg5 41. Ke3 Rdxd5 42. cxd5 Re5+ 43. Kd2 Rxe1 44. Kxe1 Kf6 0-1

[Event "Sydney Centenary U1600"]
[Site "Sydney"]
[Date "2009.01.10"]
[Round "10"]
[White "Brown, Chris1111"]
[Black "Edwards, Greig"]
[Result "0-1"]
[WhiteElo "1519"]
[BlackElo "1026"]
[PlyCount "115"]
[EventDate "2009.01.02"]
[EventType "swiss"]
[EventRounds "11"]
[EventCountry "AUS"]
[SourceTitle "EXT 2023"]
[Source "ChessBase"]
[SourceDate "2022.10.05"]
[SourceVersion "1"]
[SourceVersionDate "2022.10.05"]
[SourceQuality "1"]

1. e4 e5 2. Nf3 Nc6 3. Bb5 a6 4. Ba4 Nf6 5. 0-0 Nxe4 6. Re1 d5 7. d3 b5 8. Bxb5 axb5 9. dxe4 d4 10. Bd2 Be7 11. c3 0-0 12. cxd4 exd4 13. Qb3 Na7 14. Na3 Rb8 15. Rad1 Be6 16. Qd3 c5 17. Bf4 Rb7 18. Rc1 Qa5 19. Bd2 b4 20. Ne5 Qc7 21. Nac4 f6 22. Nf3 Nc6 23. g3 Ra8 24. Bf4 Qd7 25. e5 Bf5 26. Qe2 Qd5 27. exf6 gxf6 28. Ncd2 d3 29. Qe3 Bh3 30. Qe4 Qxe4 31. Rxe4 Rxa2 32. Nc4 Rba7 33. Ree1 Bf8 34. Nfd2 Kf7 35. Bd6 Bxd6 36. Nxd6+ Kg6 37. N6c4 Na5 38. Ra1 Nxc4 39. Rxa2 Rxa2 40. Nxc4 Bg4 41. Kg2 d2 42. Nxd2 Rxb2 43. Nc4 Ra2 44. Rc1 Be6 45. Ne3 Ra5 46. f4 f5 47. h3 h5 48. Kf3 b3 49. g4 b2 50. Rb1 Rb5 51. gxf5+ Bxf5 52. Nxf5 Kxf5 53. Ke3 h4 54. Kd3 Rb4 55. Kc3 Kxf4 56. Rxb2 Rxb2 57. Kxb2 Kg3 58. Kc3 0-1